| 000 | 00561nam a2200181 i 4500 | ||
|---|---|---|---|
| 001 | 100988 | ||
| 003 | ES-MaACL | ||
| 007 | t| | ||
| 008 | 051010s1929 fr ||||1| fre d | ||
| 100 | 1 |
_aMaunier, René. _979211 |
|
| 245 | 1 | 0 |
_aEssais sur les groupements sociaux / _cRené Maunier. |
| 260 |
_aParis : _bPresses Universitaires de France, _c1929. |
||
| 300 |
_a120 p. ; _c19 cm. |
||
| 490 | 1 | _aBibliothèque de philosophie contemporaine | |
| 830 | 0 |
_aBibliothèque de philosophie contemporaine _9181027 |
|
| 852 |
_aES-MaACL _jB-5857 |
||
| 999 |
_c100988 _d100988 |
||